000 00658nam a2200193Ia 4500
003 GCL
008 140319s9999 xx 000 0 ara d
040 _aGCL /
_cGCL
082 0 4 _a347.01
_bرم
100 1 _aرمضان ابوالسعود
245 1 0 _aمبادئ الالتزام فى القانون المصرى واللبانى /
_cرمضان ابوالسعود
260 _aالقاهرة :
_bالدار الجامعية ،
_c1986
300 _a318 ص ؛
_c24 سم
490 _aالمكتبة القانونية
_v0
650 0 4 _aالقانون
650 0 4 _aالقانون المدنى
650 0 4 _aالقانون الخاص
942 _2ddc
_cBK
999 _c43220
_d43220